| 000 | 00357 a2200157 4500 | ||
|---|---|---|---|
| 001 | 62257 | ||
| 020 | _a8502022903 | ||
| 040 | _cAnchieta - Pituba | ||
| 100 | _aLeites, Sônia | ||
| 240 | 1 | 0 |
_aThe blonde and the tramp _leng |
| 245 | 1 | 0 | _aThe blonde and the tramp |
| 300 | _a24 | ||
| 362 | 0 | _a1997 | |
| 650 | 4 | _aLiteratura juvenil em inglês | |
| 942 | _cBK | ||
| 999 |
_c62257 _d62257 |
||